Islamic Research Association (Record no. 2976)
[ view plain ]
| 000 -LEADER | |
|---|---|
| fixed length control field | 00662nam a2200241 a 4500 |
| 020 ## - INTERNATIONAL STANDARD BOOK NUMBER | |
| ISBN | |
| 082 00 - DEWEY DECIMAL CLASSIFICATION NUMBER | |
| Classification number | 297.07 |
| Author Cutter | FYZ |
| 100 ## - MAIN ENTRY--AUTHOR NAME | |
| Author name | Fyzee, A A A |
| 245 ## - TITLE STATEMENT | |
| Title | Islamic Research Association |
| Sub title | Fifth Annual Report and Statement of Account |
| 260 ## - PUBLICATION, DISTRIBUTION, ETC. (IMPRINT) | |
| Place of publication | |
| Name of publisher | |
| Year of publication | 1938 |
| 300 ## - PHYSICAL DESCRIPTION | |
| Number of Pages | 10p |
| 500 ## - GENERAL NOTE | |
| General note | includes index and biblioraphy |
| 505 2# - FORMATTED CONTENTS NOTE | |
| Formatted contents note | Conference Held at May 29th-31st, 1952, Vol.Xlil.No.4.Muslim World. |
| 650 ## - SUBJECT ADDED ENTRY--TOPICAL TERM | |
| Topical Term | Islamic-Researsh Assoc.Bombay |
| 942 ## - ADDED ENTRY ELEMENTS (KOHA) | |
| Koha item type | Books |
| 700 1# - | |
| -- | Fyzee, A A A |
| Collection code | Home library | Current library | Date acquired | Cost, normal purchase price | Full call number | Accession Number | Koha item type |
|---|---|---|---|---|---|---|---|
| Henry Martyn Institute Library | Henry Martyn Institute Library | 05/24/2005 | 0.00 | 297.07 FYZ | 04878 | Books |
